00000000nam##2200000za#4500
0019.663855
003CaOODSP
00520241126151549
007ta
008150407|2002||||xxc|||||     f|0| 0 eng|d
020 |a0-662-66681-X
040 |aCaOODSP|beng
041 |aeng
041 |afre
043 |an-cn---
0861 |aPF4-7/2002-2
1101 |aCanada.|bCommunication Canada.
24510|aListening to Canadians Communications Survey : |bSpring 2002
260 |aOttawa - Ontario : |bCommunication Canada |c2002.
300 |aEnglish text, 50p. : |bgraphs, tables ; |c28 cm.
5203 |aThis is a report of the results of a spring 2002 survey of 5,422 adults across Canada. Communication Canada undertook the survey to ask Canadians their perceptions of health care, government accountability and the economy. Although health care is a major concern for Canadians, only about half the population is aware of the Romanow Commission. Other major concerns for Canadians are education and the economy. Canadian evaluations of the government are moderately positive on the economy and international relations and security.
563 |aSpiral binding
590 |a02-37|b2002-09-13
69007|aFederal institutions|2gcpds
69007|aGovernment services|2gcpds
69007|aSurveys|2gcpds
7760#|tListening to Canadians Communications Survey : |w(CaOODSP)9.945605
792 |tÀ l'écoute des Canadiens: Enquête sur les communications : |efre|w(CaOODSP)9.663856